| 000 | 01390nam a22002537a 4500 | ||
|---|---|---|---|
| 003 | NALT | ||
| 005 | 20260119094201.0 | ||
| 008 | s2553 th tha d | ||
| 020 | _a9749867084 | ||
| 040 | _aNALT | ||
| 041 | _atha | ||
| 050 | _a | ||
| 090 |
_aKP 100 _bย349ค 2553 |
||
| 110 | 2 |
_aกระทรวงยุติธรรม. _bสำนักงานคณะกรรมการป้องกันและปราบปรามยาเสพติด _91226 |
|
| 245 | 1 | 0 |
_aคู่มือการประสานงานและการรวบรวมพยานหลักฐานคดียาเสพติด / _cสำนักงานคณะกรรมการป้องกันและปราบปรามยาเสพติด กระทรวงยุติธรรม. |
| 260 |
_aกรุงเทพฯ : _bสำนักกฎหมาย สำนักงานคณะกรรมการป้องกันและปราบปรามยาเสพติด, _c2553. |
||
| 300 |
_a233 หน้า ; _b _c26 ซม. |
||
| 650 | 4 |
_aกฎหมายยาเสพติด _910257 |
|
| 650 | 4 |
_aพยานหลักฐาน _914760 |
|
| 653 | 4 | _aคดียาเสพติด | |
| 850 | _aNALT | ||
| 856 | 4 | 0 | _uhttps://hdl.handle.net/20.500.14156/501660 |
| 942 |
_cLB _2local |
||
| 999 |
_c74564 _d74564 |
||
| 998 |
_j104 _k นางสาวสายฝน ดีงาม |
||